Manual of university laws in Pakistan (Record no. 4831)
[ view plain ]
| 000 -LEADER | |
|---|---|
| fixed length control field | 00469 a2200145 4500 |
| 020 ## - INTERNATIONAL STANDARD BOOK NUMBER | |
| International Standard Book Number | 9698961011 |
| 040 ## - CATALOGING SOURCE | |
| Original cataloging agency | DLC |
| Language of cataloging | DLC |
| 082 ## - DEWEY DECIMAL CLASSIFICATION NUMBER | |
| Classification number | 340.3795491 |
| 245 ## - TITLE STATEMENT | |
| Title | Manual of university laws in Pakistan |
| Statement of responsibility, etc. | Dr. Captain U. A. G. Isani, Dr.Mohammad Latif Virk |
| 260 ## - PUBLICATION, DISTRIBUTION, ETC. | |
| Place of publication, distribution, etc. | Karachi : |
| Name of publisher, distributor, etc. | Iqra University, |
| Date of publication, distribution, etc. | 2006. |
| 300 ## - PHYSICAL DESCRIPTION | |
| Extent | 3 v., (various paging). : |
| Dimensions | 27 cm. |
| 650 ## - SUBJECT ADDED ENTRY--TOPICAL TERM | |
| Topical term or geographic name entry element | University law -- Pakistan. |
| 700 ## - ADDED ENTRY--PERSONAL NAME | |
| Personal name | Isani, U. A. G., Dr. Captain |
| 942 ## - ADDED ENTRY ELEMENTS (KOHA) | |
| Koha item type | Book |
| Call number prefix | 340.3795491 ISA |
| Source of classification or shelving scheme | |
| Withdrawn status | Lost status | Damaged status | Not for loan | Collection code | Permanent Location | Current Location | Shelving location | Date acquired | Source of acquisition | Full call number | Barcode | Date last seen | Price effective from | Koha item type | Total Checkouts | Total Renewals | Date last checked out | Source of classification or shelving scheme |
|---|---|---|---|---|---|---|---|---|---|---|---|---|---|---|---|---|---|---|
| NUST Law School (NLS) | NUST Law School (NLS) | General Stacks | 04/05/2007 | Donation | 340.3795491 ISA | SEECS008309 | 11/14/2012 | 01/05/2017 | Reference | |||||||||
| NUST Law School (NLS) | NUST Law School (NLS) | General Stacks | 04/05/2007 | Donation | 340.3795491 ISA | SEECS008310 | 11/14/2012 | 01/05/2017 | Reference | |||||||||
| NUST Law School (NLS) | NUST Law School (NLS) | General Stacks | 04/05/2007 | Donation | 340.3795491 ISA | SEECS008311 | 07/09/2024 | 01/05/2017 | Book | 4 | 3 | 05/02/2024 | ||||||
| NUST Law School (NLS) | NUST Law School (NLS) | General Stacks | 04/15/2014 | 340.3795491 ISA | SEECSD00533 | 11/14/2012 | 01/05/2017 | Reference | ||||||||||
| School of Civil and Environmental Engineering (SCEE) | School of Civil and Environmental Engineering (SCEE) | 09/13/2019 | 340.3795491 | NIT-10518 | 09/13/2019 | 09/13/2019 | Book |
